Arxiu Parroquial d'Encamp / Esther Carrillo Arnaldich ... [et al.]
ISBN:
99920-0-058-9
Publicado:
Andorra la Vella :
Servei d'Arxius Nacionals d'Andorra,. Dept. de Cultura, Ministeri d'Educació, Cultura i Joventut : Arxiu Parroquial d'Encamp ,
1993
Descripción Física:
231 p. : il. ; 24 cm
Otros Autores:
Carrillo Arnaldich, Esther
Materias:
Arxiu Parroquial d'Encamp -- Catàlegs
MARC
| LEADER | 00000nam a2200000Ia 4500 | ||
|---|---|---|---|
| 001 | 10472 | ||
| 003 | BGR | ||
| 005 | 20260324175317.0 | ||
| 008 | 160829s1993 xx 000 0 cat d | ||
| 020 | |a 99920-0-058-9 | ||
| 080 | |a A-1-237 | ||
| 245 | |a Arxiu Parroquial d'Encamp / Esther Carrillo Arnaldich ... [et al.] | ||
| 260 | |a Andorra la Vella : |b Servei d'Arxius Nacionals d'Andorra,. Dept. de Cultura, Ministeri d'Educació, Cultura i Joventut : |b Arxiu Parroquial d'Encamp, |c 1993 | ||
| 300 | |a 231 p. : |b il. ; |c 24 cm | ||
| 490 | |a Monografies dels Arxius Nacionals d'Andorra. Arxius parroquials ; 2 | ||
| 650 | |a Arxiu Parroquial d'Encamp |x Catàlegs |9 26164 | ||
| 700 | |a Carrillo Arnaldich, Esther |9 26165 | ||
| 710 | 1 | |9 70320 |a Andorra |b Servei d'Arxius Nacionals | |
| 901 | |a Arxiu | ||
| 942 | |n 1 |2 udc |c MON | ||
| 952 | |0 0 |1 0 |4 0 |6 A1237 |7 1 |9 43904 |a Arxiu |b Arxiu |d 2016-12-01 |l 0 |o A-1-237 |p 10472 |r 2016-12-01 00:00:00 |w 2016-12-01 |y ARXIU | ||
| 999 | |c 46484 |d 46484 | ||